Statistics for British and English monarchs by length of reign

Click here to take the quiz!

General Stats

  • This quiz has been taken 63 times
  • The average score is 16 of 41

Answer Stats

Length of reignAnswer% Correct
64 years 328 daysElizabeth II
98%
63 years 216 daysVictoria
98%
59 years 96 daysGeorge III
83%
44 years 127 daysElizabeth I
73%
50 years 147 daysEdward III
60%
56 years 28 daysHenry III
60%
37 years 281 daysHenry VIII
60%
38 years 347 daysHenry VI
58%
78 daysEdward V
50%
326 daysEdward VIII
50%
5 years 121 daysMary I
46%
25 years 259 daysGeorge V
40%
35 years 120 daysHenry I
40%
33 years 114 daysGeorge II
38%
23 years 242 daysHenry VII
38%
23 years 309 daysCharles I
35%
36 years 7 daysCharles II
35%
34 years 229 daysEdward I
35%
15 years 57 daysGeorge VI
35%
22 years 3 daysJames I
35%
2 years 57 daysRichard III
35%
34 years 254 daysHenry II
33%
22 years 99 daysRichard II
33%
6 years 159 daysEdward VI
31%
12 years 146 daysAnne
29%
10 years 148 daysGeorge IV
29%
20 years 258 daysWilliam I
29%
9 years 104 daysEdward VII
27%
3 years 309 daysJames II
27%
9 years 181 daysRichard I
27%
12 years 314 dataGeorge I
25%
17 years 196 daysJohn
25%
19 years 197 daysEdward II
23%
21 years 211 daysEdward IV
23%
5 years 318 daysMary II
23%
6 years 359 daysWilliam IV
23%
18 years 99 daysStephen
21%
13 years 172 daysHenry IV
19%
9 years 163 daysHenry V
19%
13 years 23 daysWilliam III
19%
12 years 327 daysWilliam II
17%

Score Distribution

Percentile by Number Answered

Percent of People with Each Score

Your Score History

You have not taken this quiz